000 00458nam a2200181Ia 4500
003 IN-BaIIA
008 211028s9999 xx 000 0 eng d
020 _a978-93-5111-053-8
040 _cIIA Library
080 _a536.75
_bRAM
100 _aRaman, Amit
_936005
245 0 _aStatistical physics
_cAmit Raman
260 _aNew Delhi
_bRandom House
_c2013
300 _a282p.
650 _aStatistical physics
_94158
650 _aStatistics
942 _cBK
999 _c18833
_d18833